000 00299nam a22001337a 4500
008 170918b xxu||||| |||| 00| 0 eng d
020 _a0810917343
041 _aeng
080 _a7
100 _a44
101 _aART
245 _aVAN GOGH IN SAINT-REMY AND AUVERS
_cPICKVANCE,R
942 _2udc
_cBK
999 _c27927
_d27927